000 00757 a2200241 4500
003 OSt
005 20180116192358.0
008 120702t xxu||||| |||| 00| 0 eng d
010 _a 2006284689
020 _a0714843997 (set)
035 _a(OCoLC)ocm69173887
040 _c0
082 _a745.2
245 0 0 _aPhaidon design classics.
_nVol 2 .
260 _aLondon ;
_aNew York :
_bPhaidon Press,
_c2006.
300 _aVol 2 .
_bill. (some col.) ;
_c26 cm.
500 _aIncludes indexes.
505 0 _av. 1. 001-333 -- v. 2. 331-666 -- v. 3. 667-999.
650 1 0 _aIndustrial design
_xHistory.
_95177
710 2 _aPhaidon Press.
_95178
942 _aSADA
_cREF
_kREF 745.2 PHA 2006
_2ddc
999 _c353210
_d353210